THE HINDU FAMILY IN ITS URBAN SETTING (Record no. 514)

000 -LEADER
fixed length control field 00275nam a22000977a 4500
008 - FIXED-LENGTH DATA ELEMENTS--GENERAL INFORMATION
fixed length control field 150824b xxu||||| |||| 00| 0 eng d
082 ## -
Classification number 307. 76 ROS
100 ## - MAIN ENTRY--PERSONAL NAME
Personal name ROSS AILEEN D.
245 ## - TITLE STATEMENT
Title THE HINDU FAMILY IN ITS URBAN SETTING
260 ## - PUBLICATION, DISTRIBUTION, ETC. (IMPRINT)
Place of publication, distribution, etc. CANADA
Name of publisher, distributor, etc. UNIVERSITY OF TORONTO PRESS
Date of publication, distribution, etc. 1961
Holdings
Withdrawn status Lost status Source of classification or shelving scheme Damaged status Koha normalized classification for sorting Not for loan Home library Current library Shelving location Date acquired Total Checkouts Full call number Barcode Date last seen Price effective from Koha item type
        307_000000000000000__76_ROS   Dodoma Dodoma Ground Floor 24/08/2015   307. 76 ROS 000000003453 29/07/2019 24/08/2015 BOOKS

IRDP © 2019 :: Managed by IRDP ICT Unit